Metodología de la investigación / (Registro nro. 51113)

Detalles MARC
000 -LEADER
campo de control de longitud fija 06877cam a22009254i 4500
003 - IDENTIFICADOR DE NÚMERO DE CONTROL
campo de control PE-LiUPU
005 - FECHA Y HORA DE LA ÚLTIMA TRANSACCIÓN
campo de control 20250731165607.0
008 - DATOS DE LONGITUD FIJA--INFORMACIÓN GENERAL
campo de control de longitud fija 150706s2010 r 000 0 d
020 ## - NÚMERO INTERNACIONAL ESTÁNDAR DEL LIBRO
Número Internacional Estándar del Libro 9786071502919
035 ## - NÚMERO DE CONTROL DEL SISTEMA
Número de control de sistema (Sirsi) i9786071502919
035 ## - NÚMERO DE CONTROL DEL SISTEMA
Número de control de sistema (Sirsi) i9786071502919
040 ## - FUENTE DE CATALOGACIÓN
Centro catalogador/agencia de origen PE-LiUPU
Lengua de catalogación spa
Centro/agencia transcriptor PE-LiUPU
Normas de descripción rda
049 ## - FONDOS LOCALES (OCLC)
Biblioteca depositaria PRUA
082 04 - NÚMERO DE LA CLASIFICACIÓN DECIMAL DEWEY
Número de clasificación 001.42
Cutter H412010
Número de edición 21
082 04 - NÚMERO DE LA CLASIFICACIÓN DECIMAL DEWEY
Número de clasificación 001.42
Cutter H43 2010
100 1# - ENTRADA PRINCIPAL--NOMBRE DE PERSONA
Nombre de persona Hernández Sampieri, Roberto,
Término indicativo de función/relación autor.
245 10 - MENCIÓN DEL TÍTULO
Título Metodología de la investigación /
Mención de responsabilidad, etc. Roberto Hernández Sampieri, Carlos Fernández Collado y María del Pilar Baptista Luio.
250 ## - MENCION DE EDICION
Mención de edición 5a ed.
264 #1 - PRODUCCIÓN, PUBLICACIÓN, DISTRIBUCIÓN, FABRICACIÓN Y COPYRIGHT
Producción, publicación, distribución, fabricación y copyright México, D.F. :
Nombre del de productor, editor, distribuidor, fabricante McGraw-Hill,
Fecha de producción, publicación, distribución, fabricación o copyright 2010.
300 ## - DESCRIPCIÓN FÍSICA
Extensión 613 páginas :
Otras características físicas ilustraciones, tablas, esquemas ;
Dimensiones 27 cm.
300 ## - DESCRIPCIÓN FÍSICA
Extensión 15 CD-ROM
336 ## - TIPO DE CONTENIDO
Término de tipo de contenido text
Fuente rdacontent
337 ## - TIPO DE MEDIO
Nombre/término del tipo de medio unmediated
Fuente rdamedia
338 ## - TIPO DE SOPORTE
Nombre/término del tipo de soporte volume
Fuente rdacarrier
505 0# - NOTA DE CONTENIDO CON FORMATO
Nota de contenido con formato Los enfoques cuantitativo y cualitativo en la investigación científica -- Definiciones en los enfoques cuantitativo y y cualitativo, sus similitudes y diferencias -- Nacimiento de un proyecto de investigación cuantitativa, cualitativa o mixta: la idea -- Planeamiento del problema cuantitativo -- Desarrollo de la perspectiva teórica: revisión de la literatura y construcción del marco teórico -- Definición del alcance de la investigación a realizar : exploratoria, descriptiva, correlacional o explicativa -- Formulación de hipótesis -- Concepción o elección del diseño de investigación -- Selección de la muestra -- Recolección de los datos cuantitativos -- Análisis de los datos cuantitativos -- El reporte de resultados del proceso cuantitativo -- El proceso de la investigación cualitativa -- El inicio del proceso cualitativo: planteamiento del problema revisión de la literatura, surgimiento de las hipótesis e inmersión en el campo -- Muestreo en la investigación cualitativa -- Recolección y análisis de los datos cualitativos -- Diseño del proceso de investigación cualitativa -- El reporte de resultados del proceso cualitativo -- Los mètodos mixtos.
526 ## - NOTA DE INFORMACIÓN SOBRE EL PROGRAMA DE ESTUDIO
Nombre del programa Segunda Especialidad En Estadística Aplicada Para Investigación (A Distancia)
526 ## - NOTA DE INFORMACIÓN SOBRE EL PROGRAMA DE ESTUDIO
Nombre del programa Segunda Especialidad En Estadística Aplicada Para Investigación
526 ## - NOTA DE INFORMACIÓN SOBRE EL PROGRAMA DE ESTUDIO
Nombre del programa Ingeniería De Ciberseguridad
526 ## - NOTA DE INFORMACIÓN SOBRE EL PROGRAMA DE ESTUDIO
Nombre del programa Ingeniería De Ciencia De Datos E Inteligencia Artificial
526 ## - NOTA DE INFORMACIÓN SOBRE EL PROGRAMA DE ESTUDIO
Nombre del programa Ingeniería De Software
526 ## - NOTA DE INFORMACIÓN SOBRE EL PROGRAMA DE ESTUDIO
Nombre del programa
526 ## - NOTA DE INFORMACIÓN SOBRE EL PROGRAMA DE ESTUDIO
Nombre del programa Comunicación Y Periodismo
526 ## - NOTA DE INFORMACIÓN SOBRE EL PROGRAMA DE ESTUDIO
Nombre del programa Maestría En Ingeniería De Sistemas Con Mención En Dirección Y Gestión De Tecnologías De Información (Semipresencial)
526 ## - NOTA DE INFORMACIÓN SOBRE EL PROGRAMA DE ESTUDIO
Nombre del programa Maestría En Ingeniería De Sistemas Con Mención En Dirección Y Gestión De Tecnologías De Información (A Distancia)
526 ## - NOTA DE INFORMACIÓN SOBRE EL PROGRAMA DE ESTUDIO
Nombre del programa Doctorado en ingeniería de sistemas
526 ## - NOTA DE INFORMACIÓN SOBRE EL PROGRAMA DE ESTUDIO
Nombre del programa Maestría en ingeniería de sistemas con mención en Ingeniería de software
526 ## - NOTA DE INFORMACIÓN SOBRE EL PROGRAMA DE ESTUDIO
Nombre del programa Maestría en ingeniería de sistemas con mención en Dirección y gestión de tecnologías de información
526 ## - NOTA DE INFORMACIÓN SOBRE EL PROGRAMA DE ESTUDIO
Nombre del programa Ingeniería de sistemas
526 ## - NOTA DE INFORMACIÓN SOBRE EL PROGRAMA DE ESTUDIO
Nombre del programa Educación secundaria, especialidad matemática e informática
541 ## - NOTA DE FUENTE DE ADQUISICIÓN DIRECTA
-- 015-0012007;
541 ## - NOTA DE FUENTE DE ADQUISICIÓN DIRECTA
-- 015-0012007;
541 ## - NOTA DE FUENTE DE ADQUISICIÓN DIRECTA
-- 015-0012007;
541 ## - NOTA DE FUENTE DE ADQUISICIÓN DIRECTA
-- 015-0012007;
541 ## - NOTA DE FUENTE DE ADQUISICIÓN DIRECTA
-- 015-0012110;
541 ## - NOTA DE FUENTE DE ADQUISICIÓN DIRECTA
-- 015-0012181;
541 ## - NOTA DE FUENTE DE ADQUISICIÓN DIRECTA
-- 015-0012007;
541 ## - NOTA DE FUENTE DE ADQUISICIÓN DIRECTA
-- 015-0012007;
541 ## - NOTA DE FUENTE DE ADQUISICIÓN DIRECTA
-- 030-0010717;
541 ## - NOTA DE FUENTE DE ADQUISICIÓN DIRECTA
-- 001-0035138;
541 ## - NOTA DE FUENTE DE ADQUISICIÓN DIRECTA
-- 001-0035138;
541 ## - NOTA DE FUENTE DE ADQUISICIÓN DIRECTA
-- 001-0035138;
541 ## - NOTA DE FUENTE DE ADQUISICIÓN DIRECTA
-- 001-0035138;
541 ## - NOTA DE FUENTE DE ADQUISICIÓN DIRECTA
-- 001-0035138;
541 ## - NOTA DE FUENTE DE ADQUISICIÓN DIRECTA
-- 001-000024;
541 ## - NOTA DE FUENTE DE ADQUISICIÓN DIRECTA
-- 001-000026;
541 ## - NOTA DE FUENTE DE ADQUISICIÓN DIRECTA
-- 015-0016195;
541 ## - NOTA DE FUENTE DE ADQUISICIÓN DIRECTA
-- 001-000125;
596 ## -
-- 1 3
650 04 - PUNTO DE ACCESO ADICIONAL DE MATERIA--TÉRMINO DE MATERIA
Término de materia o nombre geográfico como elemento de entrada Investigación
Subdivisión de forma Metodología.
700 1# - ENTRADA AGREGADA--NOMBRE PERSONAL
Nombre de persona Fernández Collado, Carlos,
Término indicativo de función/relación coaut
700 1# - ENTRADA AGREGADA--NOMBRE PERSONAL
Nombre de persona Baptista Lucio, María del Pilar .
910 ## - DATOS DE OPCIÓN DEL USUARIO (OCLC)
-- jv
-- ng
-- 20101006
910 ## - DATOS DE OPCIÓN DEL USUARIO (OCLC)
-- tqv
-- welc
-- 20160711
942 ## - ELEMENTOS DE ENTRADA SECUNDARIOS (KOHA)
Fuente del sistema de clasificación o colocación Clasificación Decimal Dewey
Tipo de ítem Koha
949 ## - PROCESAMIENTO DE INFORMACIÓN LOCAL (OCLC)
a PGE 001.42 H41 2010
w DEWEY
c 1
i 62000
l POSTGRADO
m BUL
p 39.00
r 0
s Y
t BOOK
u 2015-7-6
x POSGRADO
-- P57
0 COMPRA
o .CIRCNOTE. No olvidar cambiar la fecha de devolución!!!!!!!
-- .STAFF. Colección General
949 ## - PROCESAMIENTO DE INFORMACIÓN LOCAL (OCLC)
a PGE 001.42 H41 2010
w DEWEY
c 2
i 70023
d 2015-8-25
e 2015-8-18
l CCODEBUL1
m BUL
n 2
p 56.00
r 0
s Y
t BOOK
u 2015-7-24
x FCE
-- P08
0 COMPRA
o .CIRCNOTE. No olvidar cambiar la fecha de devolución!!!!!!!
-- .STAFF. Colección General
949 ## - PROCESAMIENTO DE INFORMACIÓN LOCAL (OCLC)
a 001.42 H43 2010
w DEWEY
c 1
i FJ00768
l CCODEBUJ1
m BUJ
p 15.80
r 0
s Y
t BOOK
u 2016-07-11
x FCE
-- P08
0 COMPRA
o .STAFF. Colección General Juliaca
949 ## - PROCESAMIENTO DE INFORMACIÓN LOCAL (OCLC)
a 001.42 H43 2010
w DEWEY
c 2
i FJ00769
l CCODEBUJ1
m BUJ
p 15.80
r 0
s Y
t BOOK
u 2016-07-11
x FCE
-- P08
0 COMPRA
o .STAFF. Colección General Juliaca
949 ## - PROCESAMIENTO DE INFORMACIÓN LOCAL (OCLC)
a 001.42 H43 2010
w DEWEY
c 3
i FJ00770
l CCODEBUJ1
m BUJ
p 15.80
r 0
s Y
t BOOK
u 2016-07-11
x INGENIERIA
-- P27
0 COMPRA
o .STAFF. Colección General Juliaca
949 ## - PROCESAMIENTO DE INFORMACIÓN LOCAL (OCLC)
a 001.42 H43 2010
w DEWEY
c 4
i FJ00771
l CCODEBUJ1
m BUJ
p 15.80
r 0
s Y
t BOOK
u 2016-07-11
x INGENIERIA
-- P27
0 COMPRA
o .STAFF. Colección General Juliaca
994 ## -
-- C0
-- PEPRU
999 ## - NÚMEROS DE CONTROL DE SISTEMA (KOHA)
-- DEWEY
-- 62000
-- 2017-9-12
-- 2021-11-4
-- 5
-- CCODEBUL1
-- BUL
-- 7
-- 39.00
-- 5
-- 0
-- Y
-- BOOK
-- 2015-7-6
-- BIBLIOTECA
-- P57
-- COMPRA
-- .CIRCNOTE. No olvidar cambiar la fecha de devolución!!!!!!!
-- .STAFF. Colección General
999 ## - NÚMEROS DE CONTROL DE SISTEMA (KOHA)
-- DEWEY
-- 70023
-- 2019-4-12
-- 2021-11-4
-- 7
-- CCODEBUL1
-- BUL
-- 23
-- 56.00
-- 9
-- 0
-- Y
-- BOOK
-- 2015-7-24
-- BIBLIOTECA
-- P08
-- COMPRA
-- .CIRCNOTE. No olvidar cambiar la fecha de devolución!!!!!!!
-- .STAFF. Colección General
999 ## - NÚMEROS DE CONTROL DE SISTEMA (KOHA)
-- DEWEY
-- FJ00768
-- 2019-10-17
-- 2021-12-27
-- 4
-- CCODEBUJ1
-- BUJ
-- 13
-- 15.80
-- 32
-- 0
-- Y
-- BOOK
-- 2016-7-11
-- FCE
-- P08
-- COMPRA
-- .STAFF. Colección General Juliaca
999 ## - NÚMEROS DE CONTROL DE SISTEMA (KOHA)
-- DEWEY
-- FJ00769
-- 2019-9-24
-- 2021-12-27
-- 4
-- CCODEBUJ1
-- BUJ
-- 15
-- 15.80
-- 18
-- 0
-- Y
-- BOOK
-- 2016-7-11
-- FCE
-- P08
-- COMPRA
-- .STAFF. Colección General Juliaca
999 ## - NÚMEROS DE CONTROL DE SISTEMA (KOHA)
-- DEWEY
-- FJ00770
-- 2019-9-1
-- 2021-12-27
-- 4
-- CCODEBUJ1
-- BUJ
-- 20
-- 15.80
-- 28
-- 0
-- Y
-- BOOK
-- 2016-7-11
-- INGENIERIA
-- P27
-- COMPRA
-- .STAFF. Colección General Juliaca
999 ## - NÚMEROS DE CONTROL DE SISTEMA (KOHA)
-- DEWEY
-- FJ00771
-- 2019-11-22
-- 2021-12-27
-- 4
-- CCODEBUJ1
-- BUJ
-- 14
-- 15.80
-- 22
-- 0
-- Y
-- BOOK
-- 2016-7-11
-- INGENIERIA
-- P27
-- COMPRA
-- .STAFF. Colección General Juliaca
980 ## - EQUIVALENCIA O REFERENCIA-CRUZADA-MENCIÓN DE SERIE--NOMBRE DE PERSONA/TÍTULO [LOCAL, CANADÁ]
ID del último usuario que modificó el registro 1
Nombre del último usuario que modificó el registro ALBERTO SANCHEZ Responsable de Automatización
Existencias
Visto por última vez Número de inventario Total de préstamos Signatura topográfica completa Código de barras Fecha del último préstamo Copia número Coste, precio de reemplazo Fecha de reemplazo Facultad Tipo de ítem Koha Nota pública Estado de pérdida Fuente del sistema de clasificación o colocación Restricciones de uso No para préstamo Colección Programa académico Biblioteca de origen Biblioteca actual Ubicación en estantería Fecha de adquisición Fuente de adquisición Coste, precio normal de compra
2025-12-02 6 7 001.42 H41 2010 62000 2017-09-12 e1 44.00 2015-07-06   Libros físicos inventario-2023-12-13 No Perdido Clasificación Decimal Dewey No restringido Disponible para préstamos Colección General Maestría en educación con mención en Administración educativa Biblioteca CRAI UPeU Lima Biblioteca CRAI UPeU Lima Sala principal 2015-07-06 COMPRA 39.00
2025-12-02 8 24 001.42 H41 2010 70023 2024-04-22 e2 61.00 2015-07-24   Libros físicos inventario-2023-12-13 No Perdido Clasificación Decimal Dewey No restringido Disponible para préstamos Colección General Maestría en educación con mención en Administración educativa Biblioteca CRAI UPeU Lima Biblioteca CRAI UPeU Lima Sala principal 2015-07-24 COMPRA 56.00